The Kyoto protocol and the Indian natural rubber sector (Record no. 70815)

MARC details
000 -LEADER
fixed length control field 00653nam a2200145Ia 4500
100 ## - MAIN ENTRY--AUTHOR NAME
Personal name Jacob J
245 #4 - TITLE STATEMENT
Title The Kyoto protocol and the Indian natural rubber sector
260 ## - PUBLICATION, DISTRIBUTION, ETC. (IMPRINT)
Name of publisher In: Structural Infirmities in Indias Plantation Sector Natural Rubber and Spices: Report Prepared for MInistry of Commerce and Industry,Government of India. (Eds. K.J. Joseph and P.S. George). Centre for Development Studies, Thiruvananthapuram, India, pp. 219-226.
500 ## - GENERAL NOTE
General note Source Year: 2010
650 ## - SUBJECT ADDED ENTRY--TOPICAL TERM
Topical Term CDM
650 ## - SUBJECT ADDED ENTRY--TOPICAL TERM
Topical Term Kyoto protocol
856 ## - ELECTRONIC LOCATION AND ACCESS
Uniform Resource Identifier Reproduced from Planters Chronicle, 103(6) 2007
942 ## - ADDED ENTRY ELEMENTS (KOHA)
Koha item type Journals
Holdings
Withdrawn status Lost status Damaged status Not for loan Home library Current library Shelving location Date acquired Koha item type
      Journals RRII Library RRII Library Physiology 01/01/2021 Journals